MARC

LEADER 00000nam0a2200000 4500
001 251441
005 20231101232646.0
010 |a 5256002953 
020 |a RU  |b 89-17280 
035 |a (RuTPU)RU\TPU\book\273733 
090 |a 251441 
100 |a 20140221d1989 k y0rusy5003 ca 
101 0 |a rus 
102 |a RU 
105 |a a z 001zy 
200 1 |a Сквозное автоматизированное проектирование микроэлектронной аппаратуры  |f Э. Ю. Готра [и др.] 
210 |a Москва  |c Радио и связь  |d 1989 
215 |a 277,[1] с.  |c ил. 
300 |a Авт. указаны на обороте тит. л. 
320 |a Библиогр.: с. 270-276 (124 назв.). 
516 1 |a Сквозное автоматизированное проектирование МЭА 
606 1 |a Микроэлектронная аппаратура  |x Конструирование  |2 stltpush  |3 (RuTPU)RU\TPU\subj\43824  |9 63266 
610 1 |a микроэлектронные схемы интегральные 
610 1 |a автоматизированные системы проектирования 
610 1 |a схемотехническое проектирование 
610 1 |a схемотехнические решения 
610 1 |a моделирование 
610 1 |a СВЧ 
610 1 |a акустоэлектроника 
610 1 |a чертежи 
675 |a 621.382.049.77.001  |z rus 
701 1 |a Готра  |b Э. Ю.  |g Зенон Юрьевич 
701 1 |a Григорьев  |b В. В.  |g Виталий Викторович 
701 1 |a Смеркло  |b Л. М.  |g Любомир Михайлович 
701 1 |a Эйдельнант  |b В. М.  |g Валерий Михайлович 
801 0 |a RU  |b RuMRKP  |c 19950417  |g psbo 
801 1 |a RU  |b 63413507  |c 20140221 
801 2 |a RU  |b 63413507  |c 20140318  |g RCR 
942 |c BK